000 00624nam a2200229Ia 4500
003 OSt
005 20220928144027.0
006 a|||||r|||| 00| 0
007 ta
008 220927b |||||||| |||| 00| 0 eng d
024 _a23659
037 _cTextual
040 _aSDCL
_cSDCL
_beng
041 _2eng
_aeng
082 _aX9:8.1'N7, L3
100 _aSilberston Aubrey Ed.
245 0 _aIndustrial management
_b East and West
260 _c1973
700 _a Seton Francis Ed.
_9506414
942 _hX9:8.1'N7, L3
_cTEXL
_2CC
999 _c825604
_d825604